000 00632nam a2200229Ia 4500
003 OSt
005 20220928131356.0
006 a|||||r|||| 00| 0
007 ta
008 220927b |||||||| |||| 00| 0 eng d
024 _a97972
037 _cTextual
040 _aSDCL
_cSDCL
_beng
041 _2eng
_aeng
082 _aD6,8(B289C#.NET), P7
100 _aWiener Richard
_9477876
245 0 _aModern software development using C#.NET.
260 _aAustralia
_bThomson
_c2007
300 _axxiv,732p.
_ccm.
942 _hD6,8(B289C#.NET), P7
_cTEXL
_2CC
999 _c790368
_d790368